书目信息 |
| 题名: |
城市防灾型公园设计研究
|
|
| 作者: | 舒悦 著 | |
| 分册: | ||
| 出版信息: | 北京 高等教育出版社 2016.10 |
|
| 页数: | 166页 | |
| 开本: | 26cm | |
| 丛书名: | ||
| 单 册: | ||
| 中图分类: | TU986.5 | |
| 科图分类: | ||
| 主题词: | 城市公园--防灾--建筑设计--研究 | |
| 电子资源: | ||
| ISBN: | 978-7-04-046209-8 | |
| 000 | 01486nam0 2200265 450 | |
| 001 | 0400002261 | |
| 005 | 20171020152112.0 | |
| 010 | @a978-7-04-046209-8@dCNY42.00 | |
| 100 | @a20170215e2016 em y0chiy50 ea | |
| 101 | 0 | @achi |
| 102 | @aCN@b110000 | |
| 105 | @aa az 000yy | |
| 106 | @ar | |
| 200 | 1 | @a城市防灾型公园设计研究@9cheng shi fang zai xing gong yuan she ji yan jiu@dDesign research on urban disaster prevention park@f舒悦著@zeng |
| 210 | @a北京@c高等教育出版社@d2016.10 | |
| 215 | @a166页@c图@d26cm | |
| 314 | @a舒悦 (1980-),女,重庆江津人,毕业于西南交通大学艺术与传播学院,获文学硕士学位。 | |
| 320 | @a有书目(第157-163页) | |
| 330 | @a本书是针对城市防灾型公园设计的研究专著,作者借助跨学科研究方法和途径,从设计理论、设计途径和实践研究三方面进行写作,注重理论的系统阐述,从国际学术视野的角度深入浅出,明晰易懂。第一部分“设计理论”从防灾型公园发展的重要历程进行阐述,对国内外防灾减灾的相关策略、法律法规以及近年来防灾型公园的发展现状进行了梳理和综述,在此基础上提出防灾型公园的五项设计策略;第二部分“设计途径”初步构建了防灾型公园总体规划的理论框架,进而系统地探讨综合性防灾公园的设计方法;第三部分“案例研究”,选择了10个国内外代表性案例进行剖析,让防灾型公园的概念、新的设计思路及功能实现等技术性途径均能清楚呈现。 | |
| 510 | 1 | @aDesign research on urban disaster prevention park@zeng |
| 606 | 0 | @a城市公园@x防灾@x建筑设计@x研究 |
| 690 | @aTU986.5@v5 | |
| 701 | 0 | @a舒悦@9shu yue@f(1980-)@4著 |
| 801 | 0 | @aCN@b91MARC@c20171020 |
| 905 | @b1026681-5@dTU986.5@f5@e1061 | |
| 城市防灾型公园设计研究=Design research on urban disaster prevention park/舒悦著.-北京:高等教育出版社,2016.10 |
| 166页:图;26cm |
| ISBN 978-7-04-046209-8:CNY42.00 |
| 本书是针对城市防灾型公园设计的研究专著,作者借助跨学科研究方法和途径,从设计理论、设计途径和实践研究三方面进行写作,注重理论的系统阐述,从国际学术视野的角度深入浅出,明晰易懂。第一部分“设计理论”从防灾型公园发展的重要历程进行阐述,对国内外防灾减灾的相关策略、法律法规以及近年来防灾型公园的发展现状进行了梳理和综述,在此基础上提出防灾型公园的五项设计策略;第二部分“设计途径”初步构建了防灾型公园总体规划的理论框架,进而系统地探讨综合性防灾公园的设计方法;第三部分“案例研究”,选择了10个国内外代表性案例进行剖析,让防灾型公园的概念、新的设计思路及功能实现等技术性途径均能清楚呈现。 |
| ● |
| 相关链接 |
|
|
|
|
正题名:城市防灾型公园设计研究
索取号:TU986.5/1061
 
预约/预借
| 序号 | 登录号 | 条形码 | 馆藏地/架位号 | 状态 | 备注 |
| 1 | 1026681 | 210266816 | 第二样本阅览室/ [索取号:TU986.5/1061] | 在馆 | |
| 2 | 1026682 | 210266825 | 密集书库-生命科学系/ [索取号:TU986.5/1061] | 在馆 | |
| 3 | 1026683 | 210266834 | 第三借阅区/ [索取号:TU986.5/1061] | 在馆 | |
| 4 | 1026684 | 210266843 | 第三借阅区/ [索取号:TU986.5/1061] | 在馆 | |
| 5 | 1026685 | 210266852 | 第三借阅区/ [索取号:TU986.5/1061] | 在馆 |